All Brod-Posavina County settlements - Statistics

General Stats
  • This quiz has been taken 10 times
  • The average score is 18 of 185
Answers on the Map
Answers color-coded by a green-red scale on the quiz's map according to % correct below.
 
Answer Stats
Answer % Correct
Nova Gradiška
80%
Gundinci
60%
Okučani
60%
Slavonski Brod
60%
Slavonski Šamac
60%
Stara Gradiška
60%
Vrpolje
60%
Cernik
40%
Davor
40%
Donji Bogićevci
40%
Garčin
40%
Gornji Bogićevci
40%
Selna
40%
Sikirevci
40%
Velika Kopanica
40%
Bebrina
20%
Benkovac
20%
Bicko Selo
20%
Bodegraj
20%
Bodovaljci
20%
Brodski Stupnik
20%
Bukovlje
20%
Cage
20%
Čaprginci
20%
Cernička Šagovina
20%
Čovac
20%
Dolina
20%
Donji Andrijevci
20%
Donji Varoš
20%
Dragalić
20%
Dubovac
20%
Giletinci
20%
Gorice
20%
Gornji Andrijevci
20%
Gornji Varoš
20%
Gređani
20%
Kosovac
20%
Kovačevac
20%
Lađevac
20%
Ljupina
20%
Mačkovac
20%
Mala Kopanica
20%
Mašić
20%
Medari
20%
Nova Kapela
20%
Novi Varoš
20%
Oprisavci
20%
Oriovac
20%
Pivare
20%
Podcrkavlje
20%
Poljane
20%
Prvča
20%
Rastušje
20%
Rešetari
20%
Šagovina Mašićka
20%
Savski Bok
20%
Sibinj
20%
Sičice
20%
Širinci
20%
Smrtić
20%
Stari Perkovci
20%
Staro Petrovo Selo
20%
Trnava
20%
Uskoci
20%
Visoka Greda
20%
Vrbje
20%
Vrbovljani
20%
Žuberkovac
20%
Adžamovci
0%
Baćin Dol
0%
Banićevac
0%
Banovci
0%
Bartolovci
0%
Batrina
0%
Bečic
0%
Beravci
0%
Bijela Stijena
0%
Bili Brig
0%
Blažević Dol
0%
Bobare
0%
Brčino
0%
Brđani
0%
Brodski Varoš
0%
Brodski Zdenci
0%
Bukovica
0%
Čajkovci
0%
Čelikovići
0%
Ciglenik
0%
Crni Potok
0%
Divoševci
0%
Donja Bebrina
0%
Donja Vrba
0%
Donji Crnogovci
0%
Donji Lipovac
0%
Donji Rogolji
0%
Donji Slatinik
0%
Dragovci
0%
Drežnik
0%
Dubočac
0%
Dubovik
0%
Glogovica
0%
Godinjak
0%
Golobrdac
0%
Gornja Bebrina
0%
Gornja Vrba
0%
Gornji Crnogovci
0%
Gornji Lipovac
0%
Gornji Rogolji
0%
Gornji Slatinik
0%
Grabarje
0%
Grgurevići
0%
Grižići
0%
Gromačnik
0%
Gunjavci
0%
Jakačina Mala
0%
Jaruge
0%
Ježevik
0%
Kaniža
0%
Kindrovo
0%
Klakar
0%
Klokočevik
0%
Komarnica
0%
Korduševci
0%
Krajačići
0%
Kruševica
0%
Kujnik
0%
Kupina
0%
Laze
0%
Lještani
0%
Lovčić
0%
Lužani
0%
Magić Mala
0%
Malino
0%
Matković Mala
0%
Novi Grad
0%
Novo Topolje
0%
Opatovac
0%
Opršinac
0%
Oriovčić
0%
Orubica
0%
Oštri Vrh
0%
Pavlovci
0%
Podvinje
0%
Podvrško
0%
Poljanci
0%
Pričac
0%
Prnjavor
0%
Radovanje
0%
Ratkovac
0%
Ravan
0%
Ruščica
0%
Sapci
0%
Seoce
0%
Siče
0%
Sinlije
0%
Slavonski Kobaš
0%
Slobodnica
0%
Sredanci
0%
Srednji Lipovac
0%
Stara Kapela
0%
Starci
0%
Stari Slatinik
0%
Staro Topolje
0%
Štivica
0%
Stružani
0%
Stupnički Kuti
0%
Šumeće
0%
Šumetlica
0%
Šušnjevci
0%
Svilaj
0%
Tisovac
0%
Tomica
0%
Trnakovac
0%
Trnjani
0%
Trnjanski Kuti
0%
Vladisovo
0%
Vranovci
0%
Vrbova
0%
Vrhovina
0%
Zadubravlje
0%
Zapolje
0%
Završje
0%
Zbjeg
0%
Živike
0%
Zoljani
0%
No matching quizzes found
Score Distribution
Percent of People with Each Score
Percentile by Number Answered
Your Score History
You have not taken this quiz